000 00502nam a2200157 i 4500
001 31183
003 ES-MaACL
005 20230906154330.0
007 t|
008 030128s1971 sp ||||1| spa d
100 1 _aBeascoechea Ariceta, José María.
_926786
245 1 3 _aLa dirección de producción y la gestión mediante modelos... /
_cpor José María Beascoechea Ariceta.
260 _aMadrid :
_bIbérico Europea,
_c[1971]
300 _a170 p. ;
_c21 cm.
852 _aES-MaACL
_jC-46419
_bR.77259
999 _c31183
_d31183